| 000 | 00511nam a2200169 i 4500 | ||
|---|---|---|---|
| 001 | 74996 | ||
| 003 | ES-MaACL | ||
| 007 | t| | ||
| 008 | 040921s1954 sp ||||1| spa d | ||
| 100 | 1 |
_aGotta, Salvatore. _959287 |
|
| 245 | 1 | 0 |
_aPreludio romántico / _cSalvador Gotta ; [versión española de Aleramo Spada]. |
| 250 | _a[1ª ed.]. | ||
| 260 |
_aBarcelona : _bLuis de Caralt, _c[1954] ( _fAmpurias) |
||
| 300 |
_a276 p. ; _c21 cm. |
||
| 700 | 1 |
_aSpada, Aleramo. _9107617 |
|
| 852 |
_aES-MaACL _jC-8772 _bR.36388 |
||
| 999 |
_c74996 _d74996 |
||